000 00550nam a2200169 4500
020 _a9789390790241
082 _aM 894.812
_bSUV/H
100 _aSuvitha Jinto Puthenveetil
245 _aHigh school teacher malayalam:
_bsamagravum aadhikarikavum samboornavumaya vivaranatmakamaka pareeksha pariseelanasahayi/
_cby Suvitha Jinto Puthenveetil
260 _aKozhikkode:
_bAtma Books,
_c2021.
300 _a980p.
650 _aHST Exam Helper
650 _aLanguage Malaylam
650 _aLiterature Malayalam
650 _aLiterature
942 _cBK
999 _c181723
_d181723